000 00548nam a22001817a 4500
005 20241001122523.0
008 240930b |||||||| |||| 00| 0 eng d
020 _a978-93-6180-349-9
041 _aeng
082 _a614.34
100 _aKAR, DR. RAJAT KUMAR & PRABHU, DR. T. PURUSHOTH AND PATEL, DR. KUNAL N.
_98587
245 _aPHARMACEUTICAL JURISPRUDENCE -[ 2.ND ED. ] B.PHARMA. 5TH SEMESTER
250 _a2ND ED. 2025
260 _aLUCKNOW
_bTHAKUR PUBLICATION PVT.LTD
300 _a184;P
650 _aPHARMACY
_xB.PHARMA
942 _cBK
999 _c8718
_d8716